[Event "Kreis-Mitte-EM"]
[Site "Zirndorf"]
[Date "2013.01.04"]
[Round "2.7"]
[White "Dreiseitel, Ursula"]
[Black "Herlan, Klaus-Jürgen"]
[Result "0-1"]
[WhiteElo "1310"]
[BlackElo "1878"]
[PlyCount "102"]
[EventDate "2013.??.??"]
[WhiteTeam "Nürnberg Noris-Tarr. SC"]
[BlackTeam "Nürnberg Noris-Tarr. SC"]

1. d4 Nf6 2. Nf3 c5 3. c3 cxd4 4. cxd4 g6 5. Bg5 Ne4 6. Bf4 Bg7 7. Nc3 Nxc3 8.
bxc3 d6 9. e4 O-O 10. Qd2 Qa5 11. Be2 Bg4 12. O-O Bxf3 13. Bxf3 Nd7 14. Rfc1
Rac8 15. e5 dxe5 16. dxe5 Nxe5 17. Bxb7 Rcd8 18. Qc2 Nd3 19. Be3 Nxc1 20. Rxc1
Rd7 21. Bc6 Rc7 22. Qa4 Qxa4 23. Bxa4 Rxc3 24. Rxc3 Bxc3 25. Bc5 Rb8 26. Bb3
Rb7 27. Kf1 a5 28. Bc2 Bb4 29. Bd4 Rc7 30. Bb3 Rd7 31. Be3 Kg7 32. Ke2 e5 33.
Kf1 f5 34. g3 h6 35. Ke2 Rd6 36. Bc2 Bc3 37. Bb3 g5 38. Bc2 Kf6 39. Bc1 Bd4 40.
Bb3 Ra6 41. Bd2 a4 42. Bc4 Ra7 43. Be1 Rc7 44. Kd3 Rb7 45. f4 Rb2 46. fxg5+
hxg5 47. Bd2 Rb8 48. Be1 g4 49. Bd5 Rh8 50. Bc6 Rxh2 51. Bxa4 Rxa2 0-1

[Event "Kreis-Mitte-EM"]
[Site "Zirndorf"]
[Date "2013.01.04"]
[Round "2.8"]
[White "Mantel, Ruben"]
[Black "Saathoff, Richard"]
[Result "0-1"]
[WhiteElo "1640"]
[BlackElo "2102"]
[PlyCount "66"]
[EventDate "2013.??.??"]
[WhiteTeam "Nürnberg Zabo Spvg"]
[BlackTeam "Nürnberg Süd SW"]

1. e4 e5 2. Bc4 Nf6 3. Nc3 Nxe4 4. Qh5 Nd6 5. Bb3 Be7 6. Nf3 Nc6 7. Ne4 g6 8.
Nxd6+ Bxd6 9. Qh6 Bf8 10. Qe3 Bg7 11. O-O O-O 12. d3 d5 13. Re1 Bf5 14. Qc5 Be6
15. Bg5 Qd7 16. Ba4 f6 17. Bh4 Qd6 18. Qxd6 cxd6 19. Bb3 Bf7 20. c3 h6 21. Bg3
f5 22. h4 Bf6 23. Rad1 g5 24. hxg5 hxg5 25. d4 f4 26. Bh2 Rad8 27. dxe5 dxe5
28. g3 g4 29. Nd2 f3 30. Nf1 Bg5 31. Ne3 Bxe3 32. Rxe3 e4 33. Rde1 Ne5 0-1

[Event "Kreis-Mitte-EM"]
[Site "Zirndorf"]
[Date "2013.01.04"]
[Round "2.9"]
[White "Nüßlein, Christian"]
[Black "Lais, Thomas"]
[Result "1-0"]
[WhiteElo "1612"]
[BlackElo "1910"]
[PlyCount "35"]
[EventDate "2013.??.??"]
[WhiteTeam "Nürnberg 1978 SGem"]
[BlackTeam "Nürnberg Süd SW"]

1. d4 Nf6 2. c4 g6 3. Nc3 d5 4. Qb3 dxc4 5. Qxc4 Bg7 6. e4 O-O 7. Nf3 Nfd7 8.
Be3 Nc6 9. e5 a6 10. e6 fxe6 11. Qxe6+ Kh8 12. Ng5 Nf6 13. Nf7+ Rxf7 14. Qxf7
Nxd4 15. O-O-O c5 16. Qc4 Nd7 17. Ne4 b6 18. Qd5 1-0

[Event "Kreis-Mitte-EM"]
[Site "Zirndorf"]
[Date "2013.01.04"]
[Round "2.10"]
[White "Siegl, Melina"]
[Black "Schulz, Wilfried"]
[Result "1-0"]
[WhiteElo "1740"]
[BlackElo "1851"]
[PlyCount "35"]
[EventDate "2013.??.??"]
[WhiteTeam "Nürnberg Süd SW"]
[BlackTeam "Zirndorf SK"]

1. e4 e5 2. Nf3 Nc6 3. Bc4 Bc5 4. c3 Nf6 5. d3 O-O 6. Nbd2 d6 7. Bb3 Bg4 8. h3
Bd7 9. Nf1 d5 10. exd5 Na5 11. Bg5 Nxb3 12. Qxb3 h6 13. Bh4 g5 14. Qc4 Qe7 15.
Nxg5 hxg5 16. Bxg5 Kg7 17. Ng3 b5 18. Bxf6+ 1-0

[Event "Kreis-Mitte-EM"]
[Site "Zirndorf"]
[Date "2013.01.04"]
[Round "2.12"]
[White "Knab, Reinhard"]
[Black "Weidenhöfer, Robert"]
[Result "1/2-1/2"]
[WhiteElo "1827"]
[BlackElo "1469"]
[PlyCount "29"]
[EventDate "2013.??.??"]
[WhiteTeam "Nürnberg Zabo Spvg"]
[BlackTeam "Nürnberg Süd SW"]

1. a3 d5 2. Nf3 c5 3. c4 e6 4. e3 Nf6 5. b4 cxb4 6. axb4 dxc4 7. b5 Be7 8. Bb2
O-O 9. Bxc4 Nbd7 10. Nc3 b6 11. d4 Bb7 12. Qb3 Qc7 13. Rc1 Qd6 14. h3 Rfc8 15.
O-O 1/2-1/2

[Event "Kreis-Mitte-EM"]
[Site "Zirndorf"]
[Date "2013.01.04"]
[Round "2.13"]
[White "Meulner, Fabian"]
[Black "Ratscheu, Stefan"]
[Result "1-0"]
[WhiteElo "1753"]
[BlackElo "1539"]
[PlyCount "59"]
[EventDate "2013.??.??"]
[WhiteTeam "Nürnberg Süd SW"]
[BlackTeam "Postbauer-Heng SC"]

1. Nf3 Nc6 2. c4 e5 3. Nc3 Nf6 4. d3 h6 5. g3 Bb4 6. Bd2 d6 7. Bg2 Be6 8. O-O
O-O 9. a3 Bc5 10. b4 Bb6 11. Na4 a6 12. Rc1 Qe7 13. Nxb6 cxb6 14. e4 Nd7 15.
Nh4 Nf6 16. Be3 b5 17. c5 Ng4 18. cxd6 Qd7 19. Bc5 Nf6 20. f4 exf4 21. gxf4 Bg4
22. Qd2 Rfd8 23. d4 Nxe4 24. Bxe4 Bh3 25. f5 Bxf1 26. Rxf1 Re8 27. Qf4 Qd8 28.
Nf3 Rc8 29. Ne5 Nxe5 30. dxe5 1-0

[Event "Kreis-Mitte-EM"]
[Site "Zirndorf"]
[Date "2013.01.04"]
[Round "2.14"]
[White "Mantel, Hubert"]
[Black "Schanz, Karlheinz"]
[Result "0-1"]
[WhiteElo "1628"]
[BlackElo "1721"]
[PlyCount "54"]
[EventDate "2013.??.??"]
[WhiteTeam "Nürnberg Zabo Spvg"]
[BlackTeam "Mühlhof-Rdf. SC"]

1. b4 e5 2. b5 d5 3. Bb2 Bd6 4. Nf3 f6 5. e3 Be6 6. Be2 Ne7 7. O-O O-O 8. a4 c5
9. d3 Nd7 10. c4 d4 11. exd4 exd4 12. Ba3 Qc7 13. Nbd2 Ne5 14. Kh1 Nxf3 15.
Nxf3 Ng6 16. Re1 Rae8 17. Bf1 Bg4 18. Rxe8 Rxe8 19. g3 Qd7 20. Bg2 Ne5 21. Nxe5
Rxe5 22. f3 Bf5 23. Bc1 Re7 24. Ra2 Qe8 25. Bd2 Bxd3 26. Ra1 Bxc4 27. Qc2 Bd5
0-1

[Event "Kreis-Mitte-EM"]
[Site "Zirndorf"]
[Date "2013.01.04"]
[Round "2.15"]
[White "Siegl, Adrian"]
[Black "Berg, Winfried"]
[Result "1-0"]
[WhiteElo "1696"]
[BlackElo "1614"]
[PlyCount "57"]
[EventDate "2013.??.??"]
[WhiteTeam "Nürnberg Süd SW"]
[BlackTeam "Nürnberg Süd SW"]

1. e4 e6 2. d4 d5 3. Nd2 c5 4. c3 Qb6 5. exd5 exd5 6. Ndf3 Nc6 7. Bd3 Bg4 8. h3
Bh5 9. g4 Bg6 10. Ne2 Nf6 11. Nf4 O-O-O 12. O-O c4 13. Bc2 Bd6 14. b3 Qc7 15.
Ng2 Ne4 16. Bxe4 Bxe4 17. bxc4 f5 18. c5 Be7 19. Bf4 Qd7 20. Ne5 Nxe5 21. Bxe5
fxg4 22. hxg4 Bxg2 23. Kxg2 Bf6 24. Bd6 Be7 25. Bg3 h5 26. f3 hxg4 27. fxg4 Bh4
28. Qf3 Rdf8 29. Qxf8+ 1-0

[Event "Kreis-Mitte-EM"]
[Site "Zirndorf"]
[Date "2013.01.04"]
[Round "2.16"]
[White "Münzenberg, Dietrich"]
[Black "Babichev, Vyacheslav"]
[Result "1-0"]
[WhiteElo "1588"]
[BlackElo "1682"]
[PlyCount "91"]
[EventDate "2013.??.??"]
[WhiteTeam "Nürnberg Zabo Spvg"]
[BlackTeam "Nürnberg Süd SW"]

1. d4 e6 2. c4 b6 3. Nc3 Bb7 4. e4 Bb4 5. Bd3 f5 6. Qc2 Nf6 7. f3 Nc6 8. Nge2
e5 9. Be3 f4 10. Bf2 d6 11. d5 Ne7 12. Qa4+ Qd7 13. Qxb4 O-O 14. Qa4 c6 15. b4
Qc7 16. Rc1 a6 17. Qb3 c5 18. a3 Ng6 19. O-O Rfb8 20. g3 Bc8 21. gxf4 exf4 22.
Kh1 Bh3 23. Rg1 Ne5 24. Nxf4 Nxd3 25. Nxd3 Nh5 26. Ne2 Qf7 27. Ne1 Nf4 28. Nxf4
Qxf4 29. Be3 Qf7 30. Rg3 Qh5 31. Qc3 Ra7 32. Ng2 Bxg2+ 33. Kxg2 a5 34. b5 Rf8
35. Rf1 Qe8 36. Bh6 Rff7 37. Qe3 Rae7 38. Bg5 Rd7 39. f4 Kh8 40. e5 Rf8 41. e6
Rb7 42. f5 h6 43. f6 Kh7 44. f7 Qa8 45. Qe4+ g6 46. Bxh6 1-0

[Event "Kreis-Mitte-EM"]
[Site "Zirndorf"]
[Date "2013.01.04"]
[Round "2.17"]
[White "Walch, Roger"]
[Black "Pörzgen, Michael"]
[Result "1/2-1/2"]
[WhiteElo "1668"]
[BlackElo "1606"]
[PlyCount "52"]
[EventDate "2013.??.??"]
[WhiteTeam "Nürnberg Süd SW"]
[BlackTeam "Nürnberg Süd SW"]

1. e4 e5 2. Nc3 Nf6 3. Bc4 Nxe4 4. Qh5 Nd6 5. Bb3 Nc6 6. Nb5 g6 7. Qf3 f5 8.
Qd5 Qf6 9. Nxc7+ Kd8 10. Nxa8 b6 11. d3 Be7 12. Qf3 Bb7 13. Qh3 Nd4 14. c3 Ne6
15. Ne2 Bxa8 16. O-O Ng5 17. Bxg5 Qxg5 18. f4 exf4 19. Nxf4 Ne8 20. Rae1 Nf6
21. Rxe7 Kxe7 22. Qe3+ Kd6 23. Qd4+ Kc7 24. Qe5+ Kc8 25. Bd5 Re8 26. Qd4 Nxd5
1/2-1/2

[Event "Kreis-Mitte-EM"]
[Site "Zirndorf"]
[Date "2013.01.04"]
[Round "2.18"]
[White "Belich, Max"]
[Black "Berntgen, Henri"]
[Result "0-1"]
[WhiteElo "1534"]
[BlackElo "1652"]
[PlyCount "90"]
[EventDate "2013.??.??"]
[WhiteTeam "Nürnberg Süd SW"]
[BlackTeam "Nürnberg Süd SW"]

1. d4 d5 2. Nf3 c6 3. Nc3 Nf6 4. Bg5 Ne4 5. Nxe4 dxe4 6. Ng1 Qd5 7. Bf4 Nd7 8.
e3 g5 9. Bg3 h5 10. Qd2 Bg7 11. h3 e5 12. c4 Qd6 13. O-O-O O-O 14. Ne2 f5 15.
d5 Nf6 16. Qc3 f4 17. dxc6 Qxc6 18. Bh2 Re8 19. Qb3 Be6 20. Nc3 Rac8 21. Kb1
Bxc4 22. Bxc4+ Qxc4 23. Qxc4+ Rxc4 24. Nd5 Nxd5 25. Rxd5 Rec8 26. Rhd1 R8c7 27.
a3 Rc2 28. R5d2 Rxd2 29. Rxd2 Kf7 30. g3 f3 31. g4 hxg4 32. hxg4 Ke6 33. Rc2
Rxc2 34. Kxc2 Kd5 35. Kc3 Bf8 36. Kb3 b5 37. Kc3 Bc5 38. Bg3 a5 39. Bh2 Bxe3
40. Bg1 Bd4+ 41. Kb3 Bc5 42. Kc3 b4+ 43. axb4 Bxb4+ 44. Kc2 Kc4 45. b3+ Kd4 0-1

[Event "Kreis-Mitte-EM"]
[Site "Zirndorf"]
[Date "2013.01.04"]
[Round "2.19"]
[White "Dreiseitel, Werner"]
[Black "Drees, Martin"]
[Result "0-1"]
[WhiteElo "1521"]
[BlackElo "1629"]
[PlyCount "66"]
[EventDate "2013.??.??"]
[WhiteTeam "Nürnberg Noris-Tarr. SC"]
[BlackTeam "Cadolzburg TSV"]

1. d4 d5 2. c4 e5 3. dxe5 d4 4. g3 Nc6 5. Bg2 Nxe5 6. Nd2 Ne7 7. a3 N7c6 8. b4
Qe7 9. Qb3 Bf5 10. Ne4 Nxc4 11. Nc5 Nd6 12. Nf3 Be6 13. Nxe6 Qxe6 14. Qa4 Qc4
15. O-O Qb5 16. Qc2 Be7 17. Bf4 Bf6 18. Rad1 O-O 19. Nxd4 Nxd4 20. Qxc7 Nxe2+
21. Kh1 Nxf4 22. gxf4 Nf5 23. Rd5 Qa6 24. Rxf5 Qxa3 25. Qxb7 Rab8 26. Qd7 Rxb4
27. Qc6 Rb6 28. Qe4 Re6 29. Qc2 Rfe8 30. Bd5 Re2 31. Qc7 R2e7 32. Qc4 Qh3 33.
Qd3 Qxd3 0-1

[Event "Kreis-Mitte-EM"]
[Site "Zirndorf"]
[Date "2013.01.04"]
[Round "3.1"]
[White "Herlan, Klaus-Jürgen"]
[Black "Ulusoy, Tolga"]
[Result "1-0"]
[WhiteElo "1878"]
[BlackElo "2021"]
[PlyCount "93"]
[EventDate "2013.??.??"]
[WhiteTeam "Nürnberg Noris-Tarr. SC"]
[BlackTeam "Nürnberg Noris-Tarr. SC"]

1. d4 Nf6 2. Nc3 g6 3. e4 d6 4. Be3 Bg7 5. Qd2 Ng4 6. Bg5 h6 7. Bh4 a6 8. h3
Nf6 9. O-O-O b5 10. Qe3 Bb7 11. e5 Nd5 12. Nxd5 Bxd5 13. Kb1 dxe5 14. dxe5 g5
15. Bg3 e6 16. Qe1 c5 17. f4 Nc6 18. Nf3 gxf4 19. Bxf4 Qa5 20. Qxa5 Nxa5 21.
Be2 Nc6 22. Rhe1 Rd8 23. b3 Be4 24. a3 Rd5 25. Rxd5 Bxd5 26. Bd3 Ke7 27. Bg3
Rb8 28. Be4 Rd8 29. Bh4+ f6 30. Bxd5 Rxd5 31. g4 Kf7 32. exf6 Bxf6 33. Bxf6
Kxf6 34. h4 Ne5 35. g5+ hxg5 36. Nxg5 c4 37. Kb2 cxb3 38. Kxb3 Rd4 39. Rxe5
Kxe5 40. Nf3+ Ke4 41. Nxd4 Kxd4 42. h5 Ke5 43. Kb4 Kf6 44. Kc5 e5 45. Kd5 a5
46. c3 Kf5 47. h6 1-0

[Event "Kreis-Mitte-EM"]
[Site "Zirndorf"]
[Date "2013.01.04"]
[Round "3.2"]
[White "Leis, Stefan"]
[Black "Luther, Helmut"]
[Result "0-1"]
[WhiteElo "1849"]
[BlackElo "1922"]
[PlyCount "70"]
[EventDate "2013.??.??"]
[WhiteTeam "Mühlhof-Rdf. SC"]
[BlackTeam "Nürnberg Süd SW"]

1. d4 d5 2. Nc3 g6 3. e4 dxe4 4. f3 Bg7 5. Be3 exf3 6. Nxf3 Nf6 7. Bc4 O-O 8.
O-O c6 9. Bg5 Nbd7 10. Qe1 Nb6 11. Bb3 Bg4 12. Qh4 Bxf3 13. Rxf3 Nbd5 14. Ne2
Qd7 15. c4 Nc7 16. Bc2 Ne6 17. Be3 Rfe8 18. g4 Nf8 19. h3 b5 20. Raf1 bxc4 21.
Bh6 Ne6 22. g5 Nh5 23. Bxg7 Nexg7 24. b3 Rf8 25. bxc4 e6 26. Rf6 Rab8 27. Qe4
Nf5 28. Qe5 Rbd8 29. d5 cxd5 30. cxd5 Qxd5 31. Qxd5 Rxd5 32. Nf4 Nxf6 33. Ng2
Nh5 34. Rb1 Rd2 35. Bxf5 exf5 0-1

[Event "Kreis-Mitte-EM"]
[Site "Zirndorf"]
[Date "2013.01.04"]
[Round "3.3"]
[White "Zeitler, Hans-Jürgen"]
[Black "Fiedler, Wolfgang"]
[Result "1/2-1/2"]
[WhiteElo "1834"]
[BlackElo "1902"]
[PlyCount "30"]
[EventDate "2013.??.??"]
[WhiteTeam "Nürnberg 1911 SK"]
[BlackTeam "Zirndorf SK"]

1. d4 g6 2. c4 Bg7 3. Nc3 f5 4. Nf3 Nf6 5. g3 O-O 6. Bg2 c6 7. d5 Qe8 8. O-O e5
9. dxe6 dxe6 10. Bf4 Nfd7 11. Bd6 Rf7 12. e4 Bf8 13. Ng5 Rg7 14. exf5 gxf5 15.
f4 e5 1/2-1/2

[Event "Kreis-Mitte-EM"]
[Site "Zirndorf"]
[Date "2013.01.04"]
[Round "3.4"]
[White "Saathoff, Richard"]
[Black "Straschewski, Jörg"]
[Result "1-0"]
[WhiteElo "2102"]
[BlackElo "1832"]
[PlyCount "109"]
[EventDate "2013.??.??"]
[WhiteTeam "Nürnberg Süd SW"]
[BlackTeam "Cadolzburg TSV"]

1. e4 e6 2. d4 d5 3. Nc3 Bb4 4. e5 c5 5. a3 Bxc3+ 6. bxc3 Ne7 7. Qg4 O-O 8. Bd3
Nbc6 9. Qh5 Ng6 10. Nf3 Qc7 11. O-O c4 12. Bxg6 fxg6 13. Qg4 Qf7 14. Nh4 Bd7
15. a4 b6 16. f4 Qe8 17. Ba3 Rf7 18. Rf3 Ne7 19. Rh3 Bxa4 20. Rc1 Qd7 21. Nf3
Rf5 22. Qh4 h6 23. Qxe7 Qxe7 24. Bxe7 Rxf4 25. Nd2 Rc8 26. Rf3 g5 27. Bd6 Rd8
28. Kf2 Rd7 29. Ke3 Rdf7 30. g3 Rxf3+ 31. Nxf3 g4 32. Nd2 h5 33. Rf1 Bxc2 34.
Rxf7 Kxf7 35. Kf4 a5 36. Kg5 g6 37. Nf1 a4 38. Ne3 Be4 39. Ba3 Bd3 40. Ng2 Be4
41. Nf4 Bc2 42. Kh6 Be4 43. Ne2 Bc2 44. Nc1 Bb1 45. Kh7 h4 46. Kh6 hxg3 47.
hxg3 Kg8 48. Kg5 Kg7 49. Kxg4 Kf7 50. Kg5 Kg7 51. g4 Be4 52. Na2 Bf3 53. Nb4
Kf7 54. Nc6 Be4 55. Nd8+ 1-0

[Event "Kreis-Mitte-EM"]
[Site "Zirndorf"]
[Date "2013.01.04"]
[Round "3.5"]
[White "Erlbeck, Peter"]
[Black "Meulner, Fabian"]
[Result "1-0"]
[WhiteElo "2030"]
[BlackElo "1753"]
[PlyCount "93"]
[EventDate "2013.??.??"]
[WhiteTeam "Nürnberg Süd SW"]
[BlackTeam "Nürnberg Süd SW"]

1. e4 e5 2. Nf3 Nc6 3. Bb5 a6 4. Bxc6 dxc6 5. O-O Bg4 6. h3 Bh5 7. d3 Bd6 8.
Be3 Qd7 9. Nbd2 f6 10. g4 Bf7 11. Kg2 g5 12. Nh2 Ne7 13. Qf3 Qe6 14. Rfb1 Ng6
15. Kf1 h5 16. Ke2 hxg4 17. Nxg4 Ke7 18. Rh1 Rag8 19. c4 Nh4 20. Qg3 f5 21.
exf5 Nxf5 22. Qg2 Nxe3 23. Nxe3 Kd8 24. Ne4 Be7 25. f3 Rh4 26. Rh2 Kc8 27. Qg3
Rf4 28. Ng2 Rxe4+ 29. fxe4 Bh5+ 30. Kd2 Rf8 31. Ne1 Rf4 32. a3 Qf6 33. Kc3 Bc5
34. Rg2 Bd4+ 35. Kb3 c5 36. Qxg5 Qb6+ 37. Ka2 Bf7 38. Qe7 Kb8 39. Rb1 a5 40. b3
Qh6 41. Qd8+ Ka7 42. Qxc7 Qxh3 43. Qxa5+ Kb8 44. Qd8+ Ka7 45. Qa5+ Kb8 46. Qd2
Rf3 47. Nxf3 1-0

[Event "Kreis-Mitte-EM"]
[Site "Zirndorf"]
[Date "2013.01.04"]
[Round "3.6"]
[White "Siegl, Melina"]
[Black "Süß, Stefan"]
[Result "1/2-1/2"]
[WhiteElo "1740"]
[BlackElo "1867"]
[PlyCount "59"]
[EventDate "2013.??.??"]
[WhiteTeam "Nürnberg Süd SW"]
[BlackTeam "Nürnberg Noris-Tarr. SC"]

1. e4 b6 2. d4 e6 3. c4 d5 4. exd5 exd5 5. Nf3 Nf6 6. Nc3 Be7 7. Qb3 Be6 8. Ng5
dxc4 9. Nxe6 cxb3 10. Nxd8 Bxd8 11. a3 O-O 12. Bb5 a6 13. Ba4 b5 14. Bxb3 Re8+
15. Be3 Nc6 16. O-O-O Be7 17. Nd5 Na5 18. Ba2 Nxd5 19. Bxd5 Rad8 20. Ba2 Bf6
21. Rd2 g6 22. Rhd1 Nb7 23. Rc2 Rd7 24. Rc6 Kg7 25. Rxa6 Nd6 26. Bd5 Red8 27.
Bc6 Re7 28. Bf4 Re2 29. Bxd6 Rxd6 30. Bxb5 1/2-1/2

[Event "Kreis-Mitte-EM"]
[Site "Zirndorf"]
[Date "2013.01.04"]
[Round "3.7"]
[White "Klein, Waldemar"]
[Black "Nüßlein, Christian"]
[Result "1-0"]
[WhiteElo "1927"]
[BlackElo "1612"]
[PlyCount "65"]
[EventDate "2013.??.??"]
[WhiteTeam "Nürnberg Süd SW"]
[BlackTeam "Nürnberg 1978 SGem"]

1. c4 Nf6 2. g3 d5 3. Bg2 d4 4. d3 e5 5. Nf3 Nc6 6. O-O Bd6 7. a3 a5 8. b3 O-O
9. Nbd2 Re8 10. Ne4 Nxe4 11. dxe4 Be7 12. Qc2 Be6 13. Ne1 Qd7 14. Nd3 Bh3 15.
Bd2 Bxg2 16. Kxg2 Ra7 17. b4 axb4 18. axb4 f6 19. b5 Rxa1 20. Rxa1 Nd8 21. Ra7
b6 22. Bb4 Ne6 23. Qb1 Ng5 24. Bxe7 Rxe7 25. Nb4 Qh3+ 26. Kg1 Rd7 27. Nd5 h5
28. Rxc7 Rxc7 29. Nxc7 h4 30. c5 bxc5 31. b6 hxg3 32. hxg3 Qc8 33. b7 1-0

[Event "Kreis-Mitte-EM"]
[Site "Zirndorf"]
[Date "2013.01.04"]
[Round "3.8"]
[White "Berntgen, Henri"]
[Black "Wagner, Hans"]
[Result "0-1"]
[WhiteElo "1652"]
[BlackElo "2101"]
[PlyCount "102"]
[EventDate "2013.??.??"]
[WhiteTeam "Nürnberg Süd SW"]
[BlackTeam "Stein 1998 SC"]

1. c4 e5 2. Nc3 Nc6 3. g3 h5 4. d3 h4 5. Bg2 Bc5 6. Ne4 Be7 7. Nh3 d6 8. a3 a5
9. Neg5 Nd4 10. Bd5 Nh6 11. Bg2 a4 12. f4 Bg4 13. Nf3 Nb3 14. Rb1 hxg3 15. hxg3
Nf5 16. Kf2 c6 17. Nhg5 Qb6+ 18. e3 Rh6 19. Qe1 Nc5 20. Qd2 Rxh1 21. Bxh1 Qb3
22. Ne1 exf4 23. gxf4 f6 24. Ngf3 O-O-O 25. Bg2 Rh8 26. Ra1 Bxf3 27. Kxf3 Rh2
28. Kf2 Nh4 29. Kg3 Rxg2+ 30. Nxg2 Nf5+ 31. Kf2 Nxd3+ 32. Ke2 Ng3+ 33. Kf3 Nh1
34. Ne1 Nhf2 35. Ke2 Nxe1 36. Qxe1 Ne4 37. Qd1 Qxc4+ 38. Qd3 Ng3+ 39. Kd2 Qc5
40. e4 Qf2+ 41. Kc3 Qe1+ 42. Kc2 Qxe4 43. Qxe4 Nxe4 44. Be3 g5 45. fxg5 fxg5
46. Re1 d5 47. Rh1 Kd7 48. Kd3 Ke6 49. Rg1 c5 50. Ke2 d4 51. Kd3 Kd5 0-1

[Event "Kreis-Mitte-EM"]
[Site "Zirndorf"]
[Date "2013.01.04"]
[Round "3.9"]
[White "Thürauf, Peter"]
[Black "Siegl, Adrian"]
[Result "1/2-1/2"]
[WhiteElo "1828"]
[BlackElo "1696"]
[PlyCount "88"]
[EventDate "2013.??.??"]
[WhiteTeam "Nürnberg Süd SW"]
[BlackTeam "Nürnberg Süd SW"]

1. d4 d5 2. Nf3 e6 3. c4 c6 4. cxd5 exd5 5. Nc3 f5 6. Ne5 Nf6 7. e3 Bd6 8. Bd3
Qc7 9. f4 O-O 10. O-O Ne4 11. Bd2 Nd7 12. Rc1 Nxc3 13. Rxc3 Nf6 14. Rc2 Qe7 15.
a3 Ne4 16. Qe1 Bd7 17. Bb4 Bxb4 18. Qxb4 Qxb4 19. axb4 Nf6 20. b5 cxb5 21. Nxd7
Nxd7 22. Rc7 Nb6 23. Bxb5 Rab8 24. Rfc1 Rfc8 25. Bd7 Rf8 26. b3 Kh8 27. Kf2 g6
28. Be6 Rfe8 29. Bf7 Red8 30. R1c5 Rd6 31. Re7 Rc6 32. Rxc6 bxc6 33. Re8+ Rxe8
34. Bxe8 Nc8 35. Bxc6 Ne7 36. Bd7 Kg7 37. g4 Kf6 38. g5+ Kf7 39. b4 Ng8 40. Ke2
Ke7 41. Ba4 Kd6 42. Kd2 Ne7 43. Kc3 Nc8 44. Bc2 Kc6 1/2-1/2

[Event "Kreis-Mitte-EM"]
[Site "Zirndorf"]
[Date "2013.01.04"]
[Round "3.10"]
[White "Drees, Martin"]
[Black "Knab, Reinhard"]
[Result "1/2-1/2"]
[WhiteElo "1629"]
[BlackElo "1827"]
[PlyCount "26"]
[EventDate "2013.??.??"]
[WhiteTeam "Cadolzburg TSV"]
[BlackTeam "Nürnberg Zabo Spvg"]

1. e4 Nc6 2. Nf3 e6 3. Nc3 b6 4. d4 Bb7 5. Bf4 Bb4 6. a3 Bxc3+ 7. bxc3 Nce7 8.
Bd3 Ng6 9. Bg3 Nf6 10. Qe2 Nh5 11. O-O Ngf4 12. Bxf4 Nxf4 13. Qe3 Nxd3 1/2-1/2

[Event "Kreis-Mitte-EM"]
[Site "Zirndorf"]
[Date "2013.01.04"]
[Round "3.11"]
[White "Rummel, Gerald"]
[Black "Münzenberg, Dietrich"]
[Result "1-0"]
[WhiteElo "1787"]
[BlackElo "1588"]
[PlyCount "133"]
[EventDate "2013.??.??"]
[WhiteTeam "Nürnberg Anderssen SC"]
[BlackTeam "Nürnberg Zabo Spvg"]

1. Nf3 e6 2. c4 f5 3. g3 c6 4. Bg2 Nf6 5. O-O d5 6. b3 Bd6 7. Ba3 Qe7 8. Bxd6
Qxd6 9. d4 Nbd7 10. Qc2 Ne4 11. Nbd2 O-O 12. Ne1 b6 13. Ndf3 Bb7 14. Nd3 Rac8
15. Nfe5 Nxe5 16. Nxe5 c5 17. e3 cxd4 18. exd4 dxc4 19. Nxc4 Qxd4 20. Rad1 Qc5
21. Qb2 b5 22. Ne5 Qc3 23. Qxc3 Rxc3 24. Rd7 Rb8 25. Rfd1 Bd5 26. Rxa7 Rc2 27.
Nd3 Nc3 28. Bxd5 exd5 29. Nb4 Rc1 30. Rxc1 Ne2+ 31. Kg2 Nxc1 32. Nxd5 Kf8 33.
Nc7 Rb6 34. Ra5 g6 35. Nxb5 Nxa2 36. Rxa2 Rxb5 37. Rb2 Ke7 38. b4 Ke6 39. Kf3
g5 40. Ke3 Kd5 41. Kd3 h5 42. h4 gxh4 43. gxh4 f4 44. f3 Rb8 45. b5 Kc5 46. Ke4
Rf8 47. b6 Kc6 48. b7 Rb8 49. Kxf4 Kc7 50. Kg5 Rg8+ 51. Kxh5 Kb8 52. Rb6 Rf8
53. Kg4 Rg8+ 54. Kf5 Rh8 55. Rb4 Rf8+ 56. Ke4 Rh8 57. Ke3 Rh5 58. Kf2 Rh8 59.
Kg3 Rg8+ 60. Rg4 Rh8 61. Rg7 Ka7 62. Kg4 Kb6 63. h5 Kc6 64. Kg5 Kd6 65. h6 Ke6
66. h7 Rb8 67. Rg8 1-0

[Event "Kreis-Mitte-EM"]
[Site "Zirndorf"]
[Date "2013.01.04"]
[Round "3.12"]
[White "Weißmann, Peter"]
[Black "Dreiseitel, Ursula"]
[Result "1/2-1/2"]
[WhiteElo "1750"]
[BlackElo "1310"]
[PlyCount "43"]
[EventDate "2013.??.??"]
[WhiteTeam "Zirndorf SK"]
[BlackTeam "Nürnberg Noris-Tarr. SC"]

1. e4 e6 2. d4 d5 3. e5 c5 4. c3 Nc6 5. a3 cxd4 6. cxd4 Be7 7. Nf3 Qb6 8. b4 a6
9. Be2 f6 10. O-O fxe5 11. dxe5 Qc7 12. Re1 Nh6 13. Bxh6 gxh6 14. Qc1 Bf8 15.
b5 axb5 16. Bxb5 Bd7 17. Ra2 Bg7 18. Rc2 O-O 19. a4 Rac8 20. Qe3 Qd8 21. Bxc6
bxc6 22. Nd4 1/2-1/2

[Event "Kreis-Mitte-EM"]
[Site "Zirndorf"]
[Date "2013.01.04"]
[Round "3.13"]
[White "Mantel, Hans"]
[Black "Schanz, Karlheinz"]
[Result "1-0"]
[WhiteElo "1376"]
[BlackElo "1721"]
[PlyCount "87"]
[EventDate "2013.??.??"]
[WhiteTeam "Nürnberg Zabo Spvg"]
[BlackTeam "Mühlhof-Rdf. SC"]

1. e4 g6 2. Nf3 Bg7 3. Nc3 d6 4. Bc4 c6 5. d3 a5 6. a3 b5 7. Ba2 Bd7 8. Ne2 Na6
9. Rb1 Nc7 10. Bd2 Qc8 11. Ng5 Nh6 12. Qc1 O-O 13. h3 Kh8 14. O-O f6 15. Nf3
Nf7 16. Nf4 e5 17. Ne2 c5 18. c3 Qb7 19. b3 Qa6 20. Qc2 Rac8 21. Rfd1 Ne6 22.
Ne1 g5 23. Qb2 Nc7 24. b4 axb4 25. axb4 Qc6 26. f3 Rb8 27. Ra1 Be6 28. Bxe6
Nxe6 29. Ng3 d5 30. Nf5 Rb7 31. Ra5 Re8 32. Rda1 Nc7 33. Be3 d4 34. cxd4 cxd4
35. Bd2 Bf8 36. Rc1 Qe6 37. Qa3 Nd6 38. Ra7 Qc8 39. Qa5 Nxf5 40. Rxc7 Rxa7 41.
Qxa7 Qe6 42. Rxh7+ Kg8 43. exf5 Qxf5 44. Qf7# 1-0

[Event "Kreis-Mitte-EM"]
[Site "Zirndorf"]
[Date "2013.01.04"]
[Round "3.14"]
[White "Weidenhöfer, Robert"]
[Black "Lais, Thomas"]
[Result "0-1"]
[WhiteElo "1469"]
[BlackElo "1910"]
[PlyCount "28"]
[EventDate "2013.??.??"]
[WhiteTeam "Nürnberg Süd SW"]
[BlackTeam "Nürnberg Süd SW"]

1. e4 c5 2. Nf3 d6 3. Bc4 Nf6 4. d3 Nc6 5. O-O e6 6. Bf4 a6 7. a3 Be7 8. e5
dxe5 9. Nxe5 Na5 10. Ba2 Qd4 11. Bg3 Qxb2 12. Nd2 O-O 13. Bb3 Nxb3 14. Nec4
Qxa1 0-1

[Event "Kreis-Mitte-EM"]
[Site "Zirndorf"]
[Date "2013.01.04"]
[Round "3.15"]
[White "Schulz, Wilfried"]
[Black "Pörzgen, Michael"]
[Result "1/2-1/2"]
[WhiteElo "1851"]
[BlackElo "1606"]
[PlyCount "110"]
[EventDate "2013.??.??"]
[WhiteTeam "Zirndorf SK"]
[BlackTeam "Nürnberg Süd SW"]

1. e4 e5 2. Nc3 Nf6 3. g3 g6 4. Bg2 Bg7 5. Nge2 O-O 6. O-O d6 7. d3 Nbd7 8. h3
Rb8 9. Kh2 b5 10. Qe1 c5 11. f4 Bb7 12. Nxb5 Bxe4 13. dxe4 Rxb5 14. Nc3 Rb8 15.
f5 Nb6 16. g4 h6 17. Nd5 Nbxd5 18. exd5 Re8 19. c4 Rb7 20. Rb1 g5 21. Bd2 Qb8
22. b3 Bf8 23. Bc3 Rc8 24. Rf2 Be7 25. Bf3 Kg7 26. Rfb2 Nd7 27. Kg2 Nb6 28. Qf2
a6 29. Rf1 Nd7 30. Qe3 Nb6 31. Rbf2 Nd7 32. Bd1 Bf6 33. Rh1 Rh8 34. a3 Nb6 35.
Qe4 Rc8 36. Rf3 Qa7 37. Ba5 Qb8 38. Be1 Rh8 39. h4 Nd7 40. Rfh3 Qd8 41. Qe3 Qe7
42. hxg5 Bxg5 43. Bh4 Rbb8 44. Bxg5 Qxg5 45. Qxg5+ hxg5 46. Rxh8 Rxh8 47. Rxh8
Kxh8 48. b4 f6 49. Kf3 Kg7 50. Ke4 Kf7 51. Kd3 Ke7 52. Ba4 Nb8 53. Kc3 Nd7 54.
Bd1 Kd8 55. Ba4 Kc7 1/2-1/2

[Event "Kreis-Mitte-EM"]
[Site "Zirndorf"]
[Date "2013.01.04"]
[Round "3.16"]
[White "Ratscheu, Stefan"]
[Black "Walch, Roger"]
[Result "1/2-1/2"]
[WhiteElo "1539"]
[BlackElo "1668"]
[PlyCount "78"]
[EventDate "2013.??.??"]
[WhiteTeam "Postbauer-Heng SC"]
[BlackTeam "Nürnberg Süd SW"]

1. e4 e6 2. Nf3 d5 3. Nc3 Nf6 4. e5 Nfd7 5. d4 a6 6. Bd3 c5 7. dxc5 Nxc5 8. O-O
Nc6 9. a3 Nxd3 10. Qxd3 b5 11. Bf4 Bc5 12. Rad1 Ra7 13. Ne2 Rd7 14. Ned4 Nxd4
15. Nxd4 Bb7 16. Qg3 g6 17. Bg5 Be7 18. Bf4 O-O 19. Bh6 Re8 20. f4 Qb6 21. Kh1
f5 22. h4 Bc5 23. c3 Kf7 24. h5 Rg8 25. Qh4 Be7 26. Bg5 Qd8 27. Nf3 h6 28.
hxg6+ Rxg6 29. Bxe7 Rxe7 30. Qh5 Kg7 31. Kh2 Qb6 32. Nd4 Re8 33. Rf3 Qd8 34.
Rdd3 Rg8 35. Rg3 Kh7 36. Rxg6 Rxg6 37. Nxe6 Rxe6 38. Qf7+ Kh8 39. Qxe6 Qh4+
1/2-1/2